| 000 | 00508nam a2200157Ia 4500 | ||
|---|---|---|---|
| 008 | 170221s9999 xx 000 0 und d | ||
| 100 | _aChia-Yu Lin | ||
| 245 | _aSignal and Information Processing in Mobile Cloud Computing: Trends and Challenges | ||
| 245 | _cChia-Yu Lin and Li-Chun Wang | ||
| 260 | _bJournal of Communications | ||
| 260 | _c2014 | ||
| 300 | _a34 : 13 | ||
| 650 | _xCommunication | ||
| 650 | _xMedia Arts | ||
| 856 | _uhttp://www.jocm.us/index.php?m=content&c=index&a=lists&catid=115 | ||
| 999 |
_c310911 _d310911 |
||